Chile y sus riquezas

Saved in:
Bibliografiske detaljer
Hovedforfatter: Caupolicán (Author)
Format: Bog
Sprog:spansk
Udgivet: Santiago Editora Atenas 1930
Udgivelse:1a. ed
Fag:
Tags: Tilføj Tag
Ingen Tags, Vær først til at tagge denne postø!

MARC

LEADER 00000nam a2200000 a 4500
001 UCJ5514
003 CL-VaPUC
008 070124e19300000CL |||||||||||||||||spa|d
082 0 4 |a 918.3  |b CAU  |2 21 
100 0 |a Caupolicán  |e author  |9 504795 
245 1 0 |a Chile y sus riquezas 
250 |a 1a. ed 
300 |a 2 v 
942 |c BK 
945 |d 20070124 00:00:00  |a rinostro 
260 |a Santiago  |b Editora Atenas  |c 1930 
500 |a Numerosas fotografías de regular calidad 
650 0 |a Geografía  |9 259346 
650 0 |a Población  |9 257577 
650 0 |a Recursos naturales  |9 255232 
650 0 |a Minería  |9 326008 
650 0 |a Agricultura  |9 255598 
650 7 |a CALLES Y PASEOS  |2 CL-VaPUC  |9 329702 
650 0 |a Monumentos  |9 265246 
650 0 |a Iconografía   |9 267998 
650 0 |a Ilustraciones  |9 369481 
650 0 |a Turismo  |9 308920 
583 |a last modification  |c 20070124 00:00:00  |k Rodrigo Vera 
999 |c 321623  |d 321621 
952 |0 0  |1 0  |4 0  |6 918_300000000000000_CAU_1930  |7 0  |8 X  |9 400413  |a FDOBUD  |b FDOBUD  |d 2019-11-22  |h v.1  |i 1035703  |o 918.3 CAU 1930  |p 1035703  |r 2019-11-22  |w 2019-11-22  |y BK_X  |k BUD 
952 |0 0  |1 0  |4 0  |6 918_300000000000000_CAU_1930  |7 0  |8 X  |9 400414  |a FDOBUD  |b FDOBUD  |d 2019-11-22  |h v.2  |i 1035711  |o 918.3 CAU 1930  |p 1035711  |r 2019-11-22  |w 2019-11-22  |y BK_X  |k BUD 
952 |0 0  |1 0  |4 0  |6 918_300000000000000_CAU_1930  |7 0  |8 X  |9 400415  |a FDOBUD  |b FDOBUD  |d 2019-11-22  |h v.1  |i 4568060  |o 918.3 CAU 1930  |p 4568060  |r 2019-11-22  |w 2019-11-22  |y BK_X  |k BUD